Transgender people and the gender recast directive Implementation Guidelines

Guardat en:
Dades bibliogràfiques
Autor principal: Fabeni, Stefano
Autor corporatiu: ILGA Europe
Altres autors: Agius, Silvan
Format: Llibre
Idioma:anglès
Publicat: Bruxelles ILGA Europe 2009
Etiquetes: Afegir etiqueta
Sense etiquetes, Sigues el primer a etiquetar aquest registre!

MARC

LEADER 00000nam a2200000 4500
005 20240605181111.0
008 240605b |||||||| |||| 00| 0 eng d
040 |c GP 
100 |a Fabeni, Stefano 
110 |a ILGA Europe 
245 |a Transgender people and the gender recast directive  |b Implementation Guidelines 
260 |a Bruxelles  |b ILGA Europe  |c 2009 
700 |a Agius, Silvan 
942 |2 ddc  |c BK  |n 0 
952 |0 0  |1 0  |2 ddc  |4 0  |6 306_762000000000000_FAB  |7 1  |9 1358  |a RM  |b RM  |d 2024-06-05  |l 0  |o 306.762 FAB  |p 190  |r 2024-06-05 18:11:29  |w 2024-06-05  |y BK 
999 |c 1248  |d 1248